Le Hobbit : les membres de Thorin et cie - Statistiques

Statistiques générales
  • Ce quiz a été pris 106 fois
  • Le résultat moyen est 12 sur 14
Statistiques - réponses
Membres % Correct
Thorin
98%
Fíli
96%
Kíli
96%
Balin
93%
Bofur
85%
Bifur
84%
Bombur
84%
Dwalin
84%
Nori
82%
Bilbon
81%
Dori
76%
Glóin
76%
Ori
75%
Óin
74%
Aucun quiz correspondant
Distribution des résultats
% des personnes avec chaque résultat
Percentile par nombre de réponses
Votre historique - résultats
Vous n’avez pas pris ce quiz